<?xml version="1.0" encoding="UTF-8"?>
<record
    xmlns:xsi="http://www.w3.org/2001/XMLSchema-instance"
    xsi:schemaLocation="http://www.loc.gov/MARC21/slim http://www.loc.gov/standards/marcxml/schema/MARC21slim.xsd"
    xmlns="http://www.loc.gov/MARC21/slim">

  <leader>01329nam a22002777a 4500</leader>
  <datafield tag="999" ind1=" " ind2=" ">
    <subfield code="c">120485</subfield>
    <subfield code="d">120485</subfield>
  </datafield>
  <controlfield tag="003">dpl</controlfield>
  <controlfield tag="005">20190226140821.0</controlfield>
  <controlfield tag="008">190226b           ||||| |||| 00| 0 eng d</controlfield>
  <datafield tag="010" ind1=" " ind2=" ">
    <subfield code="a">B-081968</subfield>
  </datafield>
  <datafield tag="020" ind1=" " ind2=" ">
    <subfield code="c">625.00</subfield>
    <subfield code="a">8174530622</subfield>
  </datafield>
  <datafield tag="035" ind1=" " ind2=" ">
    <subfield code="a">B-081968, B-091722</subfield>
  </datafield>
  <datafield tag="037" ind1=" " ind2=" ">
    <subfield code="b">Cen Lib/Ret</subfield>
  </datafield>
  <datafield tag="040" ind1=" " ind2=" ">
    <subfield code="a">DPL</subfield>
    <subfield code="b">HN</subfield>
    <subfield code="c">0</subfield>
  </datafield>
  <datafield tag="082" ind1=" " ind2=" ">
    <subfield code="a">780.95412</subfield>
    <subfield code="b">&#x927;&#x928;&#x915;</subfield>
  </datafield>
  <datafield tag="100" ind1=" " ind2=" ">
    <subfield code="a">&#x927;&#x928;&#x915;&#x930;, &#x930;&#x940;&#x924;&#x93E; </subfield>
    <subfield code="9">90673</subfield>
  </datafield>
  <datafield tag="245" ind1=" " ind2=" ">
    <subfield code="a">&#x939;&#x930;&#x93F;&#x92F;&#x93E;&#x923;&#x93E; &#x924;&#x925;&#x93E; &#x92A;&#x902;&#x91C;&#x93E;&#x92C; &#x915;&#x940; &#x938;&#x902;&#x917;&#x940;&#x924; &#x92A;&#x930;&#x92E;&#x94D;&#x92A;&#x930;&#x93E; /</subfield>
    <subfield code="c">&#x930;&#x940;&#x924;&#x93E; &#x927;&#x928;&#x915;&#x930;</subfield>
  </datafield>
  <datafield tag="246" ind1=" " ind2=" ">
    <subfield code="a">Hariyana tatha Punjab ki sangeet parampara /</subfield>
    <subfield code="b">by Reeta Dhankar </subfield>
  </datafield>
  <datafield tag="260" ind1=" " ind2=" ">
    <subfield code="a">&#x928;&#x908; &#x926;&#x93F;&#x932;&#x94D;&#x932;&#x940;   </subfield>
    <subfield code="b">&#x938;&#x902;&#x91C;&#x92F; &#x92A;&#x94D;&#x930;&#x915;&#x93E;&#x936;&#x928; </subfield>
    <subfield code="c">2003</subfield>
  </datafield>
  <datafield tag="270" ind1=" " ind2=" ">
    <subfield code="a">4378/4&#x92C;&#x940;,209 &#x91C;&#x947;.&#x90F;&#x92E;.&#x921;&#x940;.&#x939;&#x93E;&#x909;&#x938;, &#x917;&#x932;&#x940; &#x92E;&#x941;&#x930;&#x93E;&#x930;&#x940; &#x932;&#x93E;&#x932; , &#x905;&#x902;&#x938;&#x93E;&#x930;&#x940; &#x930;&#x94B;&#x921;, &#x926;&#x930;&#x93F;&#x92F;&#x93E;&#x917;&#x902;&#x91C;</subfield>
    <subfield code="b">&#x928;&#x908; &#x926;&#x93F;&#x932;&#x94D;&#x932;&#x940;   </subfield>
    <subfield code="e">110002</subfield>
  </datafield>
  <datafield tag="300" ind1=" " ind2=" ">
    <subfield code="a">xiv,405&#x92A;&#x943;. :</subfield>
    <subfield code="c">21&#x938;&#x947;&#x92E;&#x940;(&#x938;&#x91C;&#x93F;&#x932;&#x94D;&#x926;)</subfield>
    <subfield code="b">&#x930;&#x902;&#x917;&#x940;&#x928; &#x91A;&#x93F;&#x924;&#x94D;&#x930; </subfield>
  </datafield>
  <datafield tag="650" ind1=" " ind2=" ">
    <subfield code="a">&#x939;&#x930;&#x93F;&#x92F;&#x93E;&#x923;&#x93E; -- &#x938;&#x902;&#x917;&#x940;&#x924; &#x92A;&#x930;&#x902;&#x92A;&#x930;&#x93E; </subfield>
    <subfield code="9">1886</subfield>
  </datafield>
  <datafield tag="650" ind1=" " ind2=" ">
    <subfield code="a">&#x92A;&#x902;&#x91C;&#x93E;&#x92C; -- &#x938;&#x902;&#x917;&#x940;&#x924; &#x92A;&#x930;&#x902;&#x92A;&#x930;&#x93E; </subfield>
    <subfield code="9">90674</subfield>
  </datafield>
  <datafield tag="650" ind1=" " ind2=" ">
    <subfield code="a">Haryana - music tradition</subfield>
    <subfield code="9">90675</subfield>
  </datafield>
  <datafield tag="650" ind1=" " ind2=" ">
    <subfield code="a">Punjab - music tradition</subfield>
    <subfield code="9">90676</subfield>
  </datafield>
  <datafield tag="942" ind1=" " ind2=" ">
    <subfield code="2">ddc</subfield>
    <subfield code="c">HN</subfield>
    <subfield code="h">780.95412</subfield>
    <subfield code="m">&#x927;&#x928;&#x915;</subfield>
  </datafield>
  <datafield tag="952" ind1=" " ind2=" ">
    <subfield code="0">0</subfield>
    <subfield code="1">0</subfield>
    <subfield code="4">0</subfield>
    <subfield code="7">0</subfield>
    <subfield code="a">L</subfield>
    <subfield code="b">L</subfield>
    <subfield code="d">2015-09-23</subfield>
    <subfield code="e">Cen Lib/Ret</subfield>
    <subfield code="g">625.00</subfield>
    <subfield code="l">3</subfield>
    <subfield code="m">6</subfield>
    <subfield code="o">780.95412 &#x927;&#x928;&#x915;</subfield>
    <subfield code="p">B-081968</subfield>
    <subfield code="r">2025-01-25 00:00:00</subfield>
    <subfield code="s">2024-11-28</subfield>
    <subfield code="t">1</subfield>
    <subfield code="v">625.00</subfield>
    <subfield code="w">2015-09-23</subfield>
    <subfield code="y">HN</subfield>
  </datafield>
  <datafield tag="952" ind1=" " ind2=" ">
    <subfield code="0">0</subfield>
    <subfield code="1">0</subfield>
    <subfield code="2">ddc</subfield>
    <subfield code="4">0</subfield>
    <subfield code="7">0</subfield>
    <subfield code="8">NFIC</subfield>
    <subfield code="a">BL4</subfield>
    <subfield code="b">BL4</subfield>
    <subfield code="d">2019-02-26</subfield>
    <subfield code="e">BPPD/PUB</subfield>
    <subfield code="g">625.00</subfield>
    <subfield code="l">0</subfield>
    <subfield code="o">780.95412 &#x927;&#x928;&#x915;</subfield>
    <subfield code="p">B-091722</subfield>
    <subfield code="r">2019-02-26 00:00:00</subfield>
    <subfield code="v">625.00</subfield>
    <subfield code="w">2019-02-26</subfield>
    <subfield code="y">HN</subfield>
  </datafield>
</record>
